Tenía Tanto Que Darte - Nena Daconte - Estadísticas

Estadísticas generales
  • Esta prueba ha sido intentada 290 veces
  • La puntuación promedio es 148 de 165
Estadísticas de respuestas
% Correcto
contarte
100%
cosas
100%
que
100%
qué
100%
tantas
100%
tanto
100%
Estribillo | Puente Tenía
100%
a
99%
A
99%
amor
99%
darte,
99%
para
98%
ti
98%
guardado
97%
mi
94%
no
93%
de
90%
por
90%
Y
90%
en
86%
la
86%
tu
86%
veces
85%
el
84%
corazón
83%
se
83%
nunca
82%
Verso Prometo
82%
una
82%
maldigo
81%
vela
81%
contigo
80%
suerte
80%
día
79%
diciembre
79%
soplarla
79%
encender
78%
fondo
78%
olvidarlo
78%
seguir
78%
siempre
78%
aquel
77%
especial
77%
guardarte
76%
raro
76%
acordarme
75%
las
70%
Verso Camino
68%
camino
68%
hacia
66%
conmigo
64%
quedó
64%
atrás
63%
destino
63%
más
63%
vida
63%
volver
63%
despacio
62%
parte
62%
suceden,
62%
pensando
60%
pregunto
60%
Aún
58%
Recuerdo
12%
No se encontraron pruebas coincidentes
Distribución de puntuación
Porcentaje de gente con cada puntuación
Porcentaje por número respondido
Historial de tus puntuaciones
No has intentado esta prueba.